000 01876nam0a2200409 4500
001 RU\NLR\BIBL_A\012935009
005 20221124181955.0
010 _a978-5-09-098206-1
_9300
021 _aRU
_bКН-П-22-066803
_9КН-П-22-5805
021 _aRU
_bКН-П-24-078780
_9КН-П-24-7872
035 _a(NLR Aleph) 012935009
035 _a(RuMoRGB)011247678
090 _a12687172
_c12687172
100 _a20221110d2022 d y0rusy50 ca
101 0 _arus
_aspa
102 _aRU
105 _aac||j|||000zy
181 0 _ai
_baxxe
182 0 _an
200 1 _aИспанский язык
_e8 класс
_eучебник
_eуглублённый уровень
_fН. А. Кондрашова, С. В. Костылева
203 _aТекст
_bвизуальный
_cнепосредственный
205 _a7-е изд., стер.
210 _aМосква
_cПросвещение
_d2022
215 _a239 с.
_cил., цв. ил., портр., табл.
_d26
300 _aНа обл.: Español: libro del alumno: 8 / N. Kondrashova, S. Kóstyleva
300 _aВ аннот. ссылка на аудиоприл.
512 1 _6z23790
_aEspañol
_elibro del alumno
_e8
_zspa
606 1 _aИспанский язык
_jУчебники для специализированных школ
_2nlr_sh2
_3RU\NLR\AUTH\66491709
686 3 _aШ147.21-93рус221[8]
700 1 _aКондрашова
_bН. А.
_gНадежда Азариевна
_3RU\NLR\AUTH\7722807
701 1 _aКостылева
_bС. В.
_gСветлана Владимировна
_3RU\NLR\AUTH\7723483
790 0 _6z23
_aKondrašova
_bN. A.
_gNadežda Azarievna
_3RU\NLR\AUTH\7722808
790 0 _6z22
_6z23512
_aKostyleva
_bS. V.
_gSvetlana Vladimirovna
_3RU\NLR\AUTH\7723484
_4070
_7ba
942 _cBOOK
980 _aNB